| 000 | 00543nam a2200169 a 4500 | ||
|---|---|---|---|
| 001 | 000029683 | ||
| 005 | 20200930055728.0 | ||
| 008 | 110425s1966 dr 000 0 spa d | ||
| 040 |
_aDO-SdBNP _bspa _cBNPHU |
||
| 082 |
_axxx _bA516s |
||
| 100 | 1 |
_aAmiama Castro, Octavio _955841 |
|
| 245 | 1 | 0 |
_aSanto Domingo en la cartografía antigua / _cOctavio Amiama Castro. |
| 260 |
_aSanto Domingo : _bUniversidad Autónoma de Santo Domingo, _c1966. |
||
| 300 |
_a23 p. ; _c21 cm. |
||
| 490 | 1 |
_aConferencias _vno. 1 |
|
| 830 | 0 |
_aConferencias _nno. 1 _956483 |
|
| 999 |
_c29175 _d29175 |
||